| 000 | 005080000a22001930004500 | ||
|---|---|---|---|
| 001 | 004515 | ||
| 003 | MACL | ||
| 005 | 20151003160029.0 | ||
| 008 | 151003b xxu||||| |||| 00| 0 eng d | ||
| 040 |
_aMACL _cMACL |
||
| 041 | _aEnglish | ||
| 082 | _a920.71/JOH | ||
| 100 |
_aUniversal Press, _913551 |
||
| 245 |
_aJohn And Mary Gribbin Einstein (1879-1955) In 90 Minutes _cUniversal Press |
||
| 260 |
_aNoida _c1997 _bUniversal Press, |
||
| 350 | _a45 | ||
| 650 |
_aBiography _913552 |
||
| 942 |
_k921 _cBK _2ddc |
||
| 999 |
_c16404 _d16404 |
||